[Event "ch-RUS Blitz 2017"]
[Site "Sochi RUS"]
[Date "2017.10.02"]
[Round "10.12"]
[White "Belyakov, Bogdan"]
[Black "Pridorozhni, Aleksei"]
[Result "0-1"]
[WhiteTitle "IM"]
[BlackTitle "GM"]
[WhiteElo "2486"]
[BlackElo "2565"]
[WhiteFideId "24104795"]
[BlackFideId "4127870"]
[EventDate "2017.10.02"]
[EventType "blitz"]

1. e4 c5 2. Nf3 e6 3. Nc3 Nc6 4. d4 cxd4 5. Nxd4 Nf6 6. g3 Bb4 7. Bg2 d5 8. exd5
Nxd5 9. Nxc6 bxc6 10. O-O O-O 11. Ne4 Ba6 12. c3 Bxf1 13. Qxf1 Be7 14. c4 Nb4
15. a3 Nc2 16. Rb1 c5 17. Bf4 Rc8 18. Nc3 Nd4 19. Bb7 Qb6 20. Bxc8 Rxc8 21. Be3
Qb7 22. Qg2 Qb3 23. Nb5 Bf6 24. Qb7 Rf8 25. Bxd4 cxd4 26. Qxa7 Qxc4 27. a4 d3
28. Nc3 Bxc3 29. bxc3 Qxc3 30. Qe3 g6 31. a5 Qc2 32. Rc1 d2 0-1

[Event "ch-RUS Blitz 2017"]
[Site "Sochi RUS"]
[Date "2017.10.02"]
[Round "10.13"]
[White "Sjugirov, Sanan"]
[Black "Popov, Mikhail"]
[Result "1-0"]
[WhiteTitle "GM"]
[BlackTitle "FM"]
[WhiteElo "2650"]
[BlackElo "2416"]
[WhiteFideId "4189302"]
[BlackFideId "4146182"]
[EventDate "2017.10.02"]
[EventType "blitz"]

1. d4 Nf6 2. c4 g6 3. f3 Bg7 4. e4 d6 5. Nc3 O-O 6. Nge2 Nc6 7. Be3 a6 8. Qd2
Na5 9. Ng3 b5 10. h4 Nxc4 11. Bxc4 bxc4 12. Bh6 Bxh6 13. Qxh6 Kh8 14. h5 g5 15.
Qxg5 Rg8 16. Qh4 Rb8 17. O-O-O c6 18. Rd2 Qa5 19. Nf1 Be6 20. Ne3 Rb5 21. g4
Rgb8 22. Ned1 Bxg4 23. fxg4 Nxe4 24. Nxe4 Qxa2 25. Rc2 Rb3 26. Nec3 Qa1+ 27. Kd2
Qa5 28. Qxe7 c5 29. Qf6+ Kg8 30. h6 1-0

[Event "ch-RUS Blitz 2017"]
[Site "Sochi RUS"]
[Date "2017.10.02"]
[Round "10.14"]
[White "Korchmar, Vasiliy"]
[Black "Popov, Ivan RUS"]
[Result "1/2-1/2"]
[WhiteTitle "IM"]
[BlackTitle "GM"]
[WhiteElo "2399"]
[BlackElo "2599"]
[WhiteFideId "24131750"]
[BlackFideId "4170350"]
[EventDate "2017.10.02"]
[EventType "blitz"]

1. d4 e6 2. Bf4 c5 3. e3 Qb6 4. Nc3 a6 5. Rb1 cxd4 6. exd4 d5 7. Nf3 Nc6 8. a3
Bd7 9. b4 Qd8 10. Bd3 Rc8 11. Qd2 Nf6 12. O-O Be7 13. b5 axb5 14. Nxb5 Ne4 15.
Qe2 f5 16. Ne5 O-O 17. f3 Nxe5 18. Bxe5 Bxb5 19. fxe4 Bxd3 20. cxd3 fxe4 21. Qg4
Bf6 22. Qxe6+ Kh8 23. Bxf6 Rxf6 24. Rxf6 gxf6 25. dxe4 dxe4 26. Qxe4 Rc4 27.
Rxb7 Qxd4+ 28. Qxd4 Rxd4 29. Rb1 Ra4 30. Ra1 Kg7 31. Kf2 Kf7 32. Ke3 Ke6 33. Kd3
Kd5 34. Kc3 Kc5 35. Kb3 Rh4 36. h3 Re4 37. Rf1 Re3+ 38. Ka4 Rg3 39. Rf5+ Kc4 40.
Rf4+ Kc5 41. Rxf6 Rxg2 42. Rh6 Rg3 43. Rh5+ Kb6 44. Rh6+ Kc5 45. Rxh7 Rf3 46.
Rh5+ Kc4 47. Rh8 Kc5 48. h4 Rh3 49. h5 Kb6 50. Rh6+ Kc5 51. Rh7 Kb6 52. Rh6+ Kc5
53. Rh8 Kb6 54. h6 Kb7 55. Kb4 Rh4+ 56. Kc5 Rh1 57. Kd5 Rd1+ 58. Ke5 Rc1 59. Kf6
Rc6+ 60. Kg7 Rc7+ 61. Kf6 Rc6+ 62. Ke7 Rc7+ 63. Kd6 Rc6+ 64. Kd5 Rf6 65. a4 Rg6
66. Ke5 Rc6 67. Rh7+ Kb8 68. Rh8+ Kb7 69. Kf5 Rc5+ 70. Ke6 Rc6+ 71. Kd5 Rf6 72.
Ke5 Rc6 73. Kf5 Rc5+ 74. Kg6 Rc6+ 75. Kg7 Rc7+ 76. Kg8 Rc8+ 77. Kh7 Rc7+ 78. Kg6
Rc6+ 79. Kf7 Rc7+ 80. Ke6 Rc6+ 81. Kd7 Rc7+ 82. Kd6 Rc6+ 83. Kd5 Rf6 84. Rh7+
Kb8 85. Kc5 Re6 86. Kb5 Rf6 87. a5 Re6 88. Kc5 Rf6 89. Kb5 Re6 90. a6 Ka8 91.
Rh8+ Ka7 92. Rh7+ Ka8 93. Ka5 Rf6 94. Kb5 Re6 95. Kc5 Rxa6 96. Kd5 Kb8 97. Ke5
Rc6 98. Kf5 Rc5+ 99. Kg6 Rc6+ 100. Kf5 Rc5+ 101. Ke6 Rc6+ 102. Kd5 Rf6 103. Rh8+
Kb7 104. Ke5 Rc6 105. Kf5 Rc5+ 106. Ke6 Rc6+ 107. Kd7 Rc7+ 108. Kd6 Rc6+ 109.
Ke5 Rc5+ 110. Kd6 Rc6+ 111. Kd5 Rf6 112. Ke4 1/2-1/2

[Event "ch-RUS Blitz 2017"]
[Site "Sochi RUS"]
[Date "2017.10.02"]
[Round "10.15"]
[White "Rozum, Ivan"]
[Black "Tsoi, Dmitry"]
[Result "1-0"]
[WhiteTitle "GM"]
[BlackTitle "FM"]
[WhiteElo "2590"]
[BlackElo "2361"]
[WhiteFideId "24104272"]
[BlackFideId "24194697"]
[EventDate "2017.10.02"]
[EventType "blitz"]

1. Nf3 Nf6 2. g3 e6 3. Bg2 Be7 4. O-O O-O 5. c4 d5 6. d4 Nbd7 7. Qd3 b6 8. Nc3
Ba6 9. b3 c5 10. Bb2 Rc8 11. Rac1 dxc4 12. bxc4 cxd4 13. Nxd4 Ne5 14. Qb1 Rxc4
15. Rfd1 Qc8 16. Ncb5 Bc5 17. Nxa7 Qe8 18. Nb3 Rxc1 19. Rxc1 Nc4 20. Bxf6 gxf6
21. Nxc5 bxc5 22. Nc6 Qd7 23. Qe4 f5 24. Qf4 Nd6 25. Rd1 Qb7 26. Qg5+ Kh8 27.
Qf6+ Kg8 28. Ne7+ 1-0

[Event "ch-RUS Blitz 2017"]
[Site "Sochi RUS"]
[Date "2017.10.02"]
[Round "10.16"]
[White "Yuffa, Daniil"]
[Black "Iljiushenok, Ilia"]
[Result "1/2-1/2"]
[WhiteTitle "GM"]
[BlackTitle "IM"]
[WhiteElo "2527"]
[BlackElo "2519"]
[WhiteFideId "24131423"]
[BlackFideId "24105074"]
[EventDate "2017.10.02"]
[EventType "blitz"]

1. d4 Nf6 2. c4 g6 3. Nc3 Bg7 4. e4 d6 5. Nf3 O-O 6. Be2 e5 7. O-O Nc6 8. d5 Ne7
9. Nd2 Nd7 10. b4 f5 11. c5 Nf6 12. a4 Kh8 13. Ba3 fxe4 14. Ndxe4 Nexd5 15. cxd6
cxd6 16. b5 Bf5 17. Nxd5 Nxe4 18. Rc1 Rc8 19. Rxc8 Qxc8 20. Bd3 Nc5 21. Bxf5
Qxf5 22. Ne3 Qe6 23. Qd5 Qxd5 24. Nxd5 Nxa4 25. Rc1 Rd8 26. Kf1 Nc5 27. Ke2 b6
28. Nb4 Rd7 29. Rd1 Kg8 30. Nc6 Kf7 31. Bxc5 bxc5 32. Ra1 Ke6 33. Rxa7 Rxa7 34.
Nxa7 Kd7 35. b6 d5 36. f3 Bf6 37. Nb5 Kc6 38. Nc3 e4 39. b7 Kxb7 40. Nxd5 exf3+
41. Kxf3 Be5 42. g3 Kc6 43. Ke4 Bg7 44. Ne3 Bd4 45. Nc4 Bf6 46. Ne3 Bg5 47. Nc4
Bf6 48. Ne3 Bd4 49. Nc4 Kb5 50. Kd3 Kb4 51. Nd6 Bg1 52. h3 Bh2 53. Ne4 c4+ 54.
Kc2 Bg1 55. Nf6 h5 56. g4 hxg4 57. hxg4 Bd4 58. Nd5+ Kc5 59. Nf4 1/2-1/2

[Event "ch-RUS Blitz 2017"]
[Site "Sochi RUS"]
[Date "2017.10.02"]
[Round "10.17"]
[White "Novikov, Konstantin"]
[Black "Potkin, Vladimir"]
[Result "0-1"]
[BlackTitle "GM"]
[WhiteElo "2227"]
[BlackElo "2574"]
[WhiteFideId "24163554"]
[BlackFideId "4131061"]
[EventDate "2017.10.02"]
[EventType "blitz"]

1. e4 c5 2. Nf3 e6 3. c3 Nf6 4. e5 Nd5 5. d4 cxd4 6. cxd4 Nc6 7. Bc4 d6 8. O-O
Be7 9. Qe2 O-O 10. Qe4 Qc7 11. Bd3 f5 12. exf6 Nxf6 13. Qe2 d5 14. Nc3 Bd7 15.
Bg5 Rae8 16. Rac1 a6 17. Rfe1 Bd6 18. Qd2 Ng4 19. h3 Rxf3 20. gxf3 Nh2 21. Kg2
Rf8 22. Be2 h6 23. Be3 Qd8 24. f4 Qh4 25. Kxh2 Rxf4 26. Kg1 Nxd4 27. Bxd4 Rxd4
28. Qe3 Bf4 29. Qxd4 Bh2+ 30. Kxh2 Qxd4 31. Kg2 Qb4 32. b3 Qh4 33. Bf3 Qg5+ 34.
Kf1 Kh7 35. Rcd1 Qf6 36. Rd3 b5 37. Red1 b4 38. Ne4 Qh4 39. Ng3 Bb5 40. Ke2 Qf6
41. Rd2 Qc3 42. Nf1 Qe5+ 43. Kd1 Qa1+ 44. Ke2 Qf6 45. Ne3 Qh4 46. Bg4 e5 47.
Nxd5 e4 48. Ke3 Bxd3 49. Nf4 Qg5 50. f3 Qc5# 0-1

[Event "ch-RUS Blitz 2017"]
[Site "Sochi RUS"]
[Date "2017.10.02"]
[Round "10.18"]
[White "Nechaev, Oleg"]
[Black "Moiseenko, Vadim"]
[Result "1-0"]
[WhiteTitle "FM"]
[BlackTitle "IM"]
[WhiteElo "2410"]
[BlackElo "2558"]
[WhiteFideId "24113409"]
[BlackFideId "4123700"]
[EventDate "2017.10.02"]
[EventType "blitz"]

1. d4 Nf6 2. Bg5 d5 3. e3 e6 4. Nd2 c5 5. Ngf3 h6 6. Bf4 Nc6 7. c3 Bd6 8. Bd3
Bxf4 9. exf4 cxd4 10. cxd4 O-O 11. O-O Bd7 12. Rc1 Rc8 13. Re1 Qb6 14. Nb3 a5
15. Ne5 Nb4 16. Bb1 Ba4 17. Qd2 Nxa2 18. Bxa2 Bxb3 19. Bb1 a4 20. g4 Qd6 21. g5
hxg5 22. fxg5 Ne4 23. Qe3 Rxc1 24. Rxc1 f6 25. Ng6 Nxg5 26. Nxf8 Qxf8 27. Bg6 e5
28. h4 exd4 29. Qg3 Ne4 30. Qg4 f5 31. Bxf5 Nf6 32. Qg6 Bc4 33. Re1 d3 34. Bxd3
Bxd3 35. Qxd3 Qb4 36. Re2 Qg4+ 37. Kf1 Qxh4 38. Re3 Qb4 39. Qc3 Qb5+ 40. Ke1 Qd7
41. Qe5 Kf7 42. Rf3 Qb5 43. Rc3 Qb4 44. Kd1 Qg4+ 45. Kc1 Qg1+ 46. Kc2 Qxf2+ 47.
Kb1 d4 1-0

[Event "ch-RUS Blitz 2017"]
[Site "Sochi RUS"]
[Date "2017.10.02"]
[Round "10.19"]
[White "Murzin, Volodar"]
[Black "Korotylev, Alexey"]
[Result "1/2-1/2"]
[WhiteTitle "FM"]
[BlackTitle "GM"]
[WhiteElo "2280"]
[BlackElo "2573"]
[WhiteFideId "44155573"]
[BlackFideId "4119142"]
[EventDate "2017.10.02"]
[EventType "blitz"]

1. Nf3 Nf6 2. g3 d5 3. Bg2 c6 4. O-O Bg4 5. h3 Bh5 6. d3 e6 7. Nbd2 Be7 8. e4
O-O 9. Qe1 a5 10. a4 Na6 11. Rb1 Qc7 12. b3 Nb4 13. Qd1 dxe4 14. dxe4 Rad8 15.
Re1 Bc5 16. Kf1 Qb6 17. Re2 Bxf2 18. Rxf2 Nxe4 19. Qe1 Nxg3+ 20. Kg1 Nxc2 21.
Qe5 Nf5 22. Bb2 Nb4 23. Bd4 Qa6 24. Bf1 Qa8 25. Bc3 Nd5 26. Ba1 Rfe8 27. Bc4 f6
28. Qh2 Qa7 29. Re1 Bf7 30. Ne4 Qb8 31. Qxb8 Rxb8 32. Kh2 b5 33. axb5 cxb5 34.
Bf1 a4 35. bxa4 bxa4 36. Nd4 Nxd4 37. Bxd4 e5 38. Bc5 Rec8 39. Bd6 Rb6 40. Bc5
Rbc6 41. Ba3 Rc2 42. Ree2 Rxe2 43. Rxe2 Nf4 44. Rd2 Bd5 45. Ng3 Rc3 46. Bb2 Rb3
47. Nf5 Kf7 48. Nd6+ Ke6 49. Nc4 g5 50. Na3 h5 51. Bc1 g4 52. hxg4 hxg4 53. Nb5
g3+ 54. Kg1 g2 55. Nc7+ Kd6 56. Bxg2 Kxc7 57. Bxd5 Nxd5 58. Rxd5 Rb1 59. Rc5+
Kb6 60. Rc3 Kb5 61. Kf2 Rb4 62. Rc8 Rc4 63. Rb8+ Kc6 64. Ba3 Rc2+ 65. Ke1 Kd5
66. Ra8 Rc4 67. Ra6 f5 68. Ra5+ Ke6 69. Bb2 Re4+ 70. Kf2 f4 71. Kf3 Re3+ 72. Kf2
Kf5 73. Bxe5 Rxe5 74. Rxa4 Rb5 75. Ra8 Ke4 76. Re8+ Re5 77. Ra8 Kf5 78. Kf3 Re3+
79. Kf2 Rb3 80. Rf8+ Ke4 81. Re8+ 1/2-1/2

[Event "ch-RUS Blitz 2017"]
[Site "Sochi RUS"]
[Date "2017.10.02"]
[Round "10.20"]
[White "Gochelashvili, David"]
[Black "Timofeev, Artyom"]
[Result "0-1"]
[WhiteTitle "IM"]
[BlackTitle "GM"]
[WhiteElo "2432"]
[BlackElo "2549"]
[WhiteFideId "4161203"]
[BlackFideId "4140419"]
[EventDate "2017.10.02"]
[EventType "blitz"]

1. Nf3 c5 2. c4 Nf6 3. g3 d5 4. cxd5 Nxd5 5. Bg2 Nc6 6. O-O e5 7. Nc3 Nc7 8. Qa4
Bd6 9. d3 O-O 10. Bd2 Ne6 11. Rfc1 Be7 12. a3 a5 13. Qe4 f6 14. e3 Kh8 15. Nh4
Ng5 16. Qd5 Be6 17. Qxd8 Rfxd8 18. Bf1 Bb3 19. Nf5 Bf8 20. f4 Ne6 21. Kf2 c4 22.
Nb5 cxd3 23. Rc3 a4 24. Bxd3 e4 25. Be2 Rxd2 26. Ke1 0-1

[Event "ch-RUS Blitz 2017"]
[Site "Sochi RUS"]
[Date "2017.10.02"]
[Round "10.21"]
[White "Rakhmanov, Aleksandr"]
[Black "Vastrukhin, Oleg"]
[Result "1/2-1/2"]
[WhiteTitle "GM"]
[WhiteElo "2669"]
[BlackElo "2386"]
[WhiteFideId "4173708"]
[BlackFideId "4192770"]
[EventDate "2017.10.02"]
[EventType "blitz"]

1. c4 g6 2. Nf3 Bg7 3. Nc3 c5 4. g3 Nc6 5. Bg2 d6 6. O-O Bd7 7. e3 Nh6 8. d4
cxd4 9. Nxd4 O-O 10. c5 dxc5 11. Nxc6 Bxc6 12. Bxc6 bxc6 13. Qc2 c4 14. Rd1 Qb6
15. Na4 Qb5 16. Bd2 Rfd8 17. Rac1 Qh5 18. Qxc4 Ng4 19. h4 Ne5 20. Qc2 Nf3+ 21.
Kf1 Nxd2+ 22. Rxd2 Qb5+ 23. Re2 Rac8 24. b3 Rd6 25. Rd1 Rcd8 26. Rxd6 Rxd6 27.
Kg2 Qd5+ 28. e4 Qe5 29. Nb2 Qe6 30. Nc4 Rd4 31. Na5 Rd6 32. Qc4 Qg4 33. Qc2 h5
34. Nc4 Rd4 35. Re3 g5 36. Qe2 Qxe2 37. Rxe2 g4 38. f3 gxf3+ 39. Kxf3 Rd3+ 40.
Re3 Rd1 41. g4 Rf1+ 42. Kg2 Rf4 43. gxh5 Rxh4 44. Rd3 Rxe4 45. Rd7 Re2+ 46. Kf3
Rxa2 47. Rxe7 Rh2 48. Kg4 Rg2+ 49. Kf5 Rh2 50. Kg4 Bf6 51. Rxa7 Rh4+ 52. Kf5 Kg7
53. Nd6 Rxh5+ 54. Kg4 Rg5+ 55. Kf4 Rd5 56. Nxf7 Kg6 57. Ke4 Rd4+ 58. Ke3 Rb4 59.
Ke2 Rxb3 60. Nd6 Be5 61. Re7 Kf6 62. Nc8 Rb8 63. Re8 Kf7 64. Rd8 Ke6 65. Re8+
Kf7 66. Rxe5 Rxc8 67. Kd3 1/2-1/2

[Event "ch-RUS Blitz 2017"]
[Site "Sochi RUS"]
[Date "2017.10.02"]
[Round "10.22"]
[White "Sarana, Alexey"]
[Black "Derjabin, Ilja"]
[Result "1/2-1/2"]
[WhiteTitle "GM"]
[BlackTitle "IM"]
[WhiteElo "2541"]
[BlackElo "2360"]
[WhiteFideId "24133795"]
[BlackFideId "14104768"]
[EventDate "2017.10.02"]
[EventType "blitz"]

1. Nf3 c5 2. e4 e6 3. d4 d5 4. exd5 exd5 5. Bb5+ Nc6 6. O-O Bd6 7. dxc5 Bxc5 8.
Nc3 Ne7 9. Bg5 f6 10. Bf4 O-O 11. Re1 Bg4 12. Qd3 a6 13. Bxc6 bxc6 14. Nd4 Bxd4
15. Qxd4 Bf5 16. Na4 Ng6 17. Bg3 Bxc2 18. Nb6 Ra7 19. Nxd5 Rd7 20. Nxf6+ gxf6
21. Qc4+ Rd5 22. Qxc2 Qd7 23. Rac1 Rc8 24. Qc4 a5 25. Bf4 Kg7 26. Be3 Ne5 27.
Qh4 Nd3 28. Bh6+ Kf7 29. Be3 Rh8 30. Qh6 Nxe1 31. Rxe1 Qf5 32. Qh4 Rhd8 33. Qa4
Qd7 34. h4 Rd1 35. Qxa5 Rxe1+ 36. Qxe1 Qd1 37. Qxd1 Rxd1+ 38. Kh2 Ke6 39. a3 Kd5
40. Kg3 Rb1 41. b4 Ra1 42. Kf4 Ke6 43. Ke4 Rxa3 44. Kd4 Ra2 45. Kc5 Rc2+ 46. Kb6
Kd5 47. Bc5 f5 48. g3 h5 49. Be3 Ra2 50. Kc7 Rb2 51. Bc5 Rc2 52. Kb6 Rc4 53. Bf8
f4 54. Kc7 f3 55. Kb6 Rc2 56. Bc5 Re2 57. Kb7 Re6 58. Kc7 Rg6 59. Kd7 Rg7+ 60.
Ke8 Ke6 61. Kf8 Rf7+ 62. Kg8 Rb7 63. Kf8 Kd5 64. Kg8 Ke4 65. g4 hxg4 66. h5 Kf5
67. Be3 Rxb4 68. h6 Kg6 69. Kf8 Rb8+ 70. Ke7 Rb7+ 71. Kd6 Rb3 72. Bf4 Rc3 73.
Ke5 Rc2 74. Be3 Re2 75. Kf4 Kxh6 76. Kxg4+ Kg6 77. Kxf3 Ra2 78. Ke4 Kf6 79. Kd4
Ke6 80. Kc5 Rc2+ 81. Kb4 Kd5 82. Kb3 Re2 83. Kc3 Re1 84. Kd2 Ra1 85. Kc3 Ra4 86.
Kb3 Rg4 87. Kc3 c5 88. Kb3 c4+ 89. Kc3 Rg8 90. Bb6 Rb8 91. Be3 Rb3+ 92. Kc2 Ke4
93. Bc5 Kd5 94. Be3 Kc6 95. Bd4 Rd3 96. Be3 Kb5 97. Kb2 Rd6 98. Kc3 Rd3+ 99. Kc2
Kc6 100. Ba7 Kd5 101. Be3 Ra3 102. Kb2 Ra8 103. Kc3 Ra2 104. Bb6 Ra1 105. Be3
Ra3+ 106. Kb2 Ra8 107. Kc3 Rc8 108. Bd4 Rb8 109. Be3 Rb3+ 110. Kc2 Ke4 111. Bc5
Kf3 112. Be3 Ke2 113. Bd4 Rd3 114. Be3 c3 115. Bh6 Rd6 116. Bg7 Kxf2 117. Kxc3
Ke3 118. Kc4 Ke4 119. Kc5 Rd1 120. Bf6 Rc1+ 121. Kb6 Kd5 122. Bg5 Rb1+ 123. Ka7
Kc6 124. Be3 Rb3 125. Bf2 Kc7 126. Ka8 Ra3+ 127. Ba7 Kc6 128. Kb8 Rh3 129. Ka8
Kb5 130. Bb8 Ka6 131. Bf4 Kb6 132. Be5 Kc6 133. Bf4 Ra3+ 134. Kb8 Ra4 135. Bg3
Ra2 136. Bf4 Kb6 137. Be3+ Kc6 138. Bf4 Rf2 139. Bg3 Rf3 140. Bh2 1/2-1/2

[Event "ch-RUS Blitz 2017"]
[Site "Sochi RUS"]
[Date "2017.10.02"]
[Round "10.23"]
[White "Utnasunov, Alexander"]
[Black "Kobalia, Mikhail"]
[Result "0-1"]
[BlackTitle "GM"]
[WhiteElo "2446"]
[BlackElo "2596"]
[WhiteFideId "4134524"]
[BlackFideId "4119150"]
[EventDate "2017.10.02"]
[EventType "blitz"]

1. d4 d5 2. c4 c6 3. Nc3 dxc4 4. a4 e5 5. e3 exd4 6. exd4 Be6 7. Nf3 Nf6 8. Ne5
Nbd7 9. Nxc4 Bb4 10. a5 O-O 11. a6 b5 12. Ne3 Ne4 13. Qd3 Ndf6 14. Be2 c5 15.
dxc5 Qxd3 16. Bxd3 Nxc3 17. Bd2 Ncd5 18. Bxb4 Nxb4 19. Bxb5 Rab8 20. Be2 Ne4 0-1

[Event "ch-RUS Blitz 2017"]
[Site "Sochi RUS"]
[Date "2017.10.02"]
[Round "10.24"]
[White "Zakaryan, David"]
[Black "Lugovskoy, Maxim"]
[Result "1-0"]
[WhiteTitle "FM"]
[BlackTitle "GM"]
[WhiteElo "2293"]
[BlackElo "2474"]
[WhiteFideId "24101923"]
[BlackFideId "24126454"]
[EventDate "2017.10.02"]
[EventType "blitz"]

1. d4 e6 2. Nf3 b6 3. e4 Bb7 4. Bd3 Nf6 5. Qe2 d5 6. Nbd2 c5 7. c3 Nc6 8. O-O
Be7 9. e5 Nd7 10. a3 O-O 11. b4 Re8 12. Rb1 c4 13. Bc2 Nf8 14. Ne1 f5 15. f4 Ng6
16. Ndf3 Nb8 17. a4 Nd7 18. h3 Rf8 19. g3 Bc6 20. Ng2 Rf7 21. g4 Ndf8 22. Bd2
Qd7 23. Ra1 b5 24. a5 Re8 25. Rf2 Bd8 26. Raf1 Kh8 27. Ng5 Rfe7 28. Nxe6 Nxe6
29. gxf5 Nxd4 30. cxd4 Nf8 31. Qh5 Rf7 32. e6 Rxe6 33. fxe6 Qxe6 34. Re1 Qf6 35.
Re5 g6 36. Qh6 Bc7 37. f5 Bxe5 38. dxe5 Qxe5 39. fxg6 Qa1+ 40. Be1 Qg7 41. Qxg7+
Rxg7 42. Rxf8+ Rg8 43. Bc3+ 1-0

[Event "ch-RUS Blitz 2017"]
[Site "Sochi RUS"]
[Date "2017.10.02"]
[Round "10.25"]
[White "Savitskiy, Sergey"]
[Black "Oganian, Miran"]
[Result "1/2-1/2"]
[WhiteTitle "IM"]
[BlackTitle "IM"]
[WhiteElo "2412"]
[BlackElo "2454"]
[WhiteFideId "24105660"]
[BlackFideId "4122488"]
[EventDate "2017.10.02"]
[EventType "blitz"]

1. Nf3 Nf6 2. g3 d5 3. Bg2 e6 4. O-O Be7 5. c4 O-O 6. b3 c5 7. cxd5 Nxd5 8. Bb2
Nc6 9. Nc3 Bf6 10. Qc1 Nde7 11. Na4 Bxb2 12. Qxb2 b6 13. Rfd1 Ba6 14. d4 c4 15.
e4 cxb3 16. axb3 Nb4 17. Rd2 Rc8 18. Rad1 Qc7 19. Qa3 Nc2 20. Qb2 Nb4 21. Qa3
Nc2 22. Qb2 1/2-1/2

[Event "ch-RUS Blitz 2017"]
[Site "Sochi RUS"]
[Date "2017.10.02"]
[Round "10.26"]
[White "Selin, Vladimir"]
[Black "Kryakvin, Dmitry"]
[Result "1-0"]
[BlackTitle "GM"]
[WhiteElo "2322"]
[BlackElo "2583"]
[WhiteFideId "4168321"]
[BlackFideId "4153278"]
[EventDate "2017.10.02"]
[EventType "blitz"]

1. e4 c5 2. d3 Nc6 3. g3 g6 4. Bg2 Bg7 5. f4 d6 6. Nf3 e6 7. O-O Nge7 8. c3 O-O
9. Be3 b6 10. Na3 Ba6 11. Nc2 Rc8 12. Bf2 Qd7 13. Re1 Rfe8 14. Qd2 Bb7 15. Rad1
d5 16. e5 Red8 17. g4 d4 18. c4 Rf8 19. Bh4 Kh8 20. Bf6 Ng8 21. Bxg7+ Kxg7 22.
Ng5 Nce7 23. Bxb7 Qxb7 24. Ne4 Rcd8 25. Nd6 Rxd6 26. exd6 Nc8 27. Qe2 Rd8 28.
Qe5+ Kf8 29. f5 Rxd6 30. fxg6 hxg6 31. Rf1 Qe7 32. g5 Rd8 33. Rde1 Nd6 34. Qxe6
Qxg5+ 35. Kh1 Nf5 36. Qe5 Qf6 37. Qc7 a5 38. Rf3 Ngh6 39. Re4 Kg7 40. Ne1 Rh8
41. Ng2 Qg5 42. Nf4 Kh7 43. Rh3 Rf8 44. Qxb6 Qg4 45. Qxc5 Qd1+ 46. Kg2 Qd2+ 47.
Ne2 Qxb2 48. Qxf8 Qd2 49. Qxf7+ 1-0

[Event "ch-RUS Blitz 2017"]
[Site "Sochi RUS"]
[Date "2017.10.02"]
[Round "10.27"]
[White "Dzhumagaliev, Yan"]
[Black "Palchun, Grigory"]
[Result "1-0"]
[WhiteTitle "FM"]
[WhiteElo "2400"]
[BlackElo "2441"]
[WhiteFideId "24100110"]
[BlackFideId "24147338"]
[EventDate "2017.10.02"]
[EventType "blitz"]

1. d4 Nf6 2. Nf3 e6 3. c4 Bb4+ 4. Bd2 Qe7 5. g3 Bxd2+ 6. Nbxd2 d6 7. Bg2 e5 8.
e3 O-O 9. O-O e4 10. Ne1 c6 11. Rc1 Bg4 12. Qb3 Be2 13. Nc2 Bxf1 14. Rxf1 d5 15.
Rc1 Na6 16. a3 Rac8 17. c5 Rb8 18. Qa4 Ra8 19. b4 Nc7 20. Qb3 a5 21. bxa5 Ne6
22. Qb4 Qc7 23. Nb3 Nd7 24. Qd2 f5 25. Re1 g5 26. Bh3 Rf6 27. Rb1 Kh8 28. Ne1 f4
29. Bxe6 Rxe6 30. exf4 gxf4 31. Qxf4 Qxf4 32. gxf4 Rf6 33. Nc1 Ra7 34. Ne2 Nf8
35. Nc2 Ne6 36. a6 Rxa6 37. Rxb7 Nxf4 38. Nxf4 Rxf4 39. Rb3 Rf6 40. Kf1 Ra4 41.
Ke2 Rc4 42. Rb2 Kg7 43. Ra2 Ra4 44. Nb4 Kf7 45. Nc2 Ke7 46. Rb2 Rc4 47. Ra2 Ra4
48. Rb2 Rf3 49. Rb7+ Ke6 50. Rc7 Rc4 51. Rxc6+ Kf5 52. Ne3+ Rxe3+ 53. fxe3 Rc2+
54. Kd1 Rxh2 55. Rd6 Kg4 56. c6 Rh1+ 57. Kd2 Rh2+ 58. Kc3 Rh1 59. Kb2 Rh2+ 60.
Kb3 Rh1 61. Rxd5 Rc1 62. Rc5 1-0

[Event "ch-RUS Blitz 2017"]
[Site "Sochi RUS"]
[Date "2017.10.02"]
[Round "10.28"]
[White "Gabdushev, Ruslan"]
[Black "Potapov, Pavel"]
[Result "0-1"]
[WhiteTitle "FM"]
[BlackTitle "GM"]
[WhiteElo "2292"]
[BlackElo "2479"]
[WhiteFideId "4137833"]
[BlackFideId "4169786"]
[EventDate "2017.10.02"]
[EventType "blitz"]

1. b3 e5 2. Bb2 Nc6 3. e3 Nf6 4. Bb5 d6 5. Ne2 Be7 6. d4 Bd7 7. O-O exd4 8. Bxc6
Bxc6 9. Nxd4 Bd7 10. Qf3 Qc8 11. e4 O-O 12. c4 c5 13. Nf5 Bxf5 14. exf5 Qc6 15.
Qg3 d5 16. Re1 Rfe8 17. cxd5 Qxd5 18. Nc3 Qxf5 19. Re5 Qg4 20. Rae1 Qxg3 21.
hxg3 Bd6 22. R5e2 a6 23. Na4 Rxe2 24. Rxe2 b5 25. Bxf6 gxf6 26. Nb6 Rd8 27. g4
Bc7 0-1

[Event "ch-RUS Blitz 2017"]
[Site "Sochi RUS"]
[Date "2017.10.02"]
[Round "11.1"]
[White "Khismatullin, Denis"]
[Black "Artemiev, Vladislav"]
[Result "0-1"]
[WhiteTitle "GM"]
[BlackTitle "GM"]
[WhiteElo "2628"]
[BlackElo "2692"]
[WhiteFideId "4142578"]
[BlackFideId "24101605"]
[EventDate "2017.10.02"]
[EventType "blitz"]

1. Nf3 d5 2. d4 Bf5 3. c4 e6 4. Nc3 Nf6 5. cxd5 exd5 6. Bg5 c6 7. a3 Nbd7 8. e3
a5 9. Bd3 Bxd3 10. Qxd3 Bd6 11. O-O O-O 12. Rab1 Re8 13. Rfc1 a4 14. Qc2 Qa5 15.
Bh4 Qa6 16. Ne1 Ne4 17. Nxe4 Rxe4 18. Bg3 Bf8 19. Nf3 h6 20. h3 Re6 21. Nd2 b5
22. e4 dxe4 23. Nxe4 Nb6 24. Nc3 Rd8 25. Rd1 Qb7 26. b3 axb3 27. Qxb3 Nd5 28. a4
Nxc3 29. Qxc3 Rd5 30. Rdc1 Qa7 31. axb5 cxb5 32. Be5 f6 33. Qc8 Qd7 34. Bg3 Qxc8
35. Rxc8 Kf7 36. Rb8 b4 37. Rb7+ Kg6 38. Rb8 Be7 39. Bf4 Rxd4 40. Be3 Rd3 41.
Rb7 Bd6 42. Rb5 f5 43. Kf1 f4 44. Bb6 f3 45. gxf3 Rxf3 46. Kg2 Rf5 47. Rxf5 Kxf5
48. Bd4 Ke4 49. Re1+ Kd5 50. Rd1 g5 51. Bg7+ Kc4 52. Rd4+ Kb5 53. Rd5+ Bc5 54.
Rd8 b3 55. Rd3 Kc4 56. Rc3+ Kb4 57. Rd3 Re7 58. Bf6 Rf7 59. Rf3 Rxf6 60. Rxf6 b2 0-1

[Event "ch-RUS Blitz 2017"]
[Site "Sochi RUS"]
[Date "2017.10.02"]
[Round "11.2"]
[White "Andreikin, Dmitry"]
[Black "Savchenko, Boris"]
[Result "1-0"]
[WhiteTitle "GM"]
[BlackTitle "GM"]
[WhiteElo "2708"]
[BlackElo "2581"]
[WhiteFideId "4158814"]
[BlackFideId "4147332"]
[EventDate "2017.10.02"]
[EventType "blitz"]

1. Nf3 d5 2. d4 Nf6 3. c4 e6 4. Nc3 c6 5. Qb3 dxc4 6. Qxc4 b5 7. Qd3 a6 8. e4 c5
9. dxc5 Qxd3 10. Bxd3 Bxc5 11. e5 Nfd7 12. a4 bxa4 13. O-O Bb7 14. Be4 Ra7 15.
Rxa4 O-O 16. Rd1 Rc8 17. h4 h6 18. Bxb7 Rxb7 19. Ne4 Rb5 20. g4 Bf8 21. Nd6 Rd5
22. Rad4 Nxe5 23. Rxd5 Nxf3+ 24. Kg2 Nxh4+ 25. Kh3 Rxc1 26. Rxc1 exd5 27. Rc8
Nd7 28. Kxh4 Kh7 29. Nxf7 d4 30. Kg3 d3 31. Rd8 Bd6+ 32. Kf3 Ne5+ 33. Nxe5 Bxe5
34. b3 Bc3 35. Rxd3 Bb4 36. Ke4 Kg6 37. Rd5 Kf6 38. f4 g6 39. Rd4 a5 40. Rc4 h5
41. g5+ Kf7 42. f5 1-0